| 000 | 00402nam a22001457a 4500 | ||
|---|---|---|---|
| 020 | _a0782123570 | ||
| 040 | _cNust | ||
| 082 |
_a004.21 _bMIN |
||
| 100 |
_aMark Minasi _9127493 |
||
| 245 | _aThe complete PC Upgrade and maintenance guide | ||
| 250 | _a9th edition | ||
| 260 |
_aSan Francisco: _bSybex, _c1996. |
||
| 650 |
_aThe complete PC Upgrade and maintenance guide _9127494 |
||
| 942 |
_2ddc _cBK |
||
| 999 |
_c612607 _d612607 |
||